00480nam a2200193 a 4500001001300000003000900013005001700022008004100039020001000080082001900090100002100109245002000130260003700150300000900187500003500196505001700231650001700248700002100265nice12345678IN_TiNIC20260116011503.0050524s0000 laha grp 000 0 urd  ac10000a297.1221bATA2 aAtaullah, Shaikh aJama`ul-Qur`an. aLahorebIdara Tulu-E-Islamc0000 a79p. aincludes index and biblioraphy2 abibliography aQuran-Origin1 aAtaullah, Shaikh